História do cinema (Registo nº 201080)

Detalhes MARC
000 -Etiqueta do registo
Valores 00486nam 22001813 4500
100 ## - Dados gerais de processamento
Dados gerais 20260309d u||y0pory50 ba
200 ## - Titulo e menção de responsabilidade
Título próprio História do cinema
Primeira menção de responsabilidade Lo Duca
210 ## - Publicação
Local de publicação Lisboa
Nome do editor Publicações Europa-América
Data de publicação 1949
215 ## - Descrição física 
Paginação / Volumes 149 p.
Outras indicações físicas il. ; encadernado
Dimensões 18 cm
225 ## - Colecção 
Título próprio da colecção Saber
606 ## - Nome comum usado como assunto
ID Autoridade 16666
Palavra de ordem Cinema. Filmes
675 ## - CDU
Notação 791
Edição PT
Língua por
700 ## - Autor principal (pessoa individual)
ID Autoridade 16730
Apelido Duca
Nome Lo
Datas 1910-2004
801 ## - Fonte de origem
País PT
Agência BMMN
Regras de catalogação RPC
830 ## - Notas gerais do catalogador
Criado por Vanda
990 ## - Elementos KOHA
Tipo de documento Livro
Exemplares
Situação do levantamento Biblioteca de origem Código de barras Cota Permissão de empréstimo Tipo de documento Forma de aquisição
  Biblioteca Municipal de Montemor-o-Novo 30361 791 LO|DEP   Livro Compra

Powered by Koha